NPB 日本プロ野球 シーズン50本塁打達成者 - Statistics

General Stats
  • This quiz has been taken 1,030 times
  • The average score is 9 of 10
Answer Stats
氏名 % Correct
2022 村上宗隆
100%
1964, 1973, 1977 王貞治
97%
2013 ウラディミール・バレンティン
94%
1985 ランディ・バース
91%
1985, 1986 落合博満
87%
1963 野村克也
82%
2001, 2003 タフィ・ローズ
82%
2002, 2003 アレックス・カブレラ
82%
2002 松井秀喜
81%
1950 小鶴誠
59%
No matching quizzes found
Score Distribution
Percent of People with Each Score
Percentile by Number Answered
Your Score History
You have not taken this quiz